La Esclavitud en Costa Rica durante el periodo colonial (hipótesis de trabajo) /
Salvato in:
| Autore principale: | |
|---|---|
| Natura: | testo |
| Lingua: | Spanish |
| Soggetti: | |
| Tags: |
Aggiungi Tag
Nessun Tag, puoi essere il primo ad aggiungerne!!
|
MARC
| LEADER | 00000 a a2200000 04500 | ||
|---|---|---|---|
| 001 | 7897 | ||
| 003 | cru CRAI/IIS | ||
| 005 | 20220312062538.0 | ||
| 008 | 210427b ||||| |||| 00| 0 spa d | ||
| 040 | |c cru CRAI/IIS | ||
| 100 | |a Aguilar Bulgarelli, Oscar | ||
| 245 | |a La Esclavitud en Costa Rica durante el periodo colonial (hipótesis de trabajo) / |c Oscar Aguilar Bulgarelli | ||
| 500 | |a Colección Centroamérica | ||
| 650 | 0 | |a ESCLAVITUD |9 39 | |
| 650 | 0 | |9 625 |a HISTORIA SOCIAL | |
| 650 | 4 | |9 5915 |a HISTORIA ECONOMICA | |
| 650 | 0 | |9 9955 |a CASTAS | |
| 651 | 0 | |9 32 |a COSTA RICA | |
| 773 | |g número 5; páginas 188-199 | ||
| 942 | |2 ddc |c PP | ||
| 999 | |c 22991 |d 22991 | ||
| 773 | 0 | |0 18875 |9 5525 |a Universidad de Costa Rica. |d San José, Costa Rica: Universidad de Costa Rica. Consejo Superior Universitario Centroamericano, 1972- |o 13778 |t Estudios Sociales Centroamericanos / |x 03039676 | |
